000 01099nam a2200301 i 4500
003 DO-SdBNP
005 20250414134659.0
007 ta
008 250414b2024 dr ||||| |||| 00| 0 spa d
020 _a9789945942385
040 _aDO-SdBNP
_bspa
_cBNPHU
_erda
041 _aspa
082 4 _axxx
_bJ41c
_222
100 1 _aJavier De Peña, Luis Rafael
_eautor
_4aut.
_987246
245 1 0 _aCementerio de nubes /
_cLuis Rafael Javier De Peña ; edición, corrección, Rafael J. Rodríguez Pérez.
246 1 0 _aCementerio de nubes :
_b-minificciones-
264 _aSanto Domingo, República Dominicana :
_bRío de Oro Editores,
_c2024.
300 _a140 páginas ;
_c22 cm.
336 _atexto
_btxt
_2rdacontent
337 _asin mediación
_bn
_2rdamedia
338 _avolumen
_bnc
_2rdacarrier
500 _aIncluye datos biográficos del autor en la solapa de la cubierta.
500 _aLa biblioteca posee 1 ejemplar autografiado por el autor.
590 _aInventariado, 2025 /LP
700 1 _aRodríguez Pérez, Rafael J.,
_eeditor
_4ed.
_943373
910 _aLP
942 _2ddc
_cLBS1
999 _c58479
_d58479